Nguyễn Sinh Cung- Nguyễn Tất Thành biên niên thời niên thiếu

Wedi'i Gadw mewn:
Manylion Llyfryddiaeth
Prif Awdur: Đỗ, Hoàng Linh (Biên Soạn)
Awduron Eraill: Nguyễn, Văn Dương (Biên Soạn)
Fformat: Llyfr
Iaith:Vietnamese
Cyhoeddwyd: Hà Nội Văn hóa - thông tin 2010
Pynciau:
Tagiau: Ychwanegu Tag
Dim Tagiau, Byddwch y cyntaf i dagio'r cofnod hwn!
Thư viện lưu trữ: Trung tâm Học liệu Lê Vũ Hùng, Trường Đại học Đồng Tháp
LEADER 00897pam a22002538a 4500
001 00041087
005 20180319140303.0
008 121122s2009 ||||||viesd
020 # # |c 26500 
041 0 # |a vie 
082 1 4 |a 959.703 2  |b NG527S 
100 1 # |a Đỗ, Hoàng Linh  |e Biên Soạn 
245 0 0 |a Nguyễn Sinh Cung- Nguyễn Tất Thành biên niên thời niên thiếu  |c Đỗ Hoàng Linh; Nguyễn Văn Dương (Biên Soạn) 
260 # # |a Hà Nội  |b Văn hóa - thông tin  |c 2010 
300 # # |c 21 cm  |a 158tr. 
653 # # |a Hồ Chí Minh 
653 # # |a Việt Nam 
653 # # |a Tiểu sử 
653 # # |a Lịch sử 
653 # # |a Sự nghiệp 
700 1 # |a Nguyễn, Văn Dương  |e Biên Soạn 
852 # # |j KD.0023036 
910 |d 19/03/2018 
980 # # |a Trung tâm Học liệu Lê Vũ Hùng, Trường Đại học Đồng Tháp